Využitie multikriteriálnej analýzy pri hodnotení efektívnosti verejných projektov

Gespeichert in:
Bibliographische Detailangaben
1. Verfasser: Čiernik, Anton
Format: Buchkapitel
Sprache:Slowakisch
Tags: Tag hinzufügen
Keine Tags, Fügen Sie das erste Tag hinzu!

MARC

LEADER 00000naa$a2200000$$$4500
001 0183016
005 20240502073129.4
041 0 |a slo 
044 |a SK 
245 1 0 |a Využitie multikriteriálnej analýzy pri hodnotení efektívnosti verejných projektov  |c Anton Čiernik 
100 1 |a Čiernik, Anton